|
|
|
|
| LEADER |
00000nab a2200000 ar4500 |
| 001 |
vtls010098721 |
| 003 |
SK-MaSNL |
| 005 |
20260303210021.0 |
| 008 |
100524c1973 xo |r|p|||||||000 b|slo |
| 015 |
|
|
|a SNBRB1973
|
| 038 |
|
|
|a SNKBUCL
|
| 040 |
|
|
|a SNKBUCL
|b slo
|c SNKBUCL
|e AACR2
|
| 041 |
|
|
|a slo
|
| 044 |
|
|
|a xo
|c SK
|
| 080 |
|
|
|a 7.097
|2 2001
|
| 245 |
0 |
0 |
|a Hry ze současnosti v televizi
|c [autor] (mp)
|
| 600 |
1 |
7 |
|a Solovič, Ján,
|d 1934-2022
|t Žobrácke dobrodružstvo
|2 snkbucl
|9 120236
|
| 610 |
2 |
7 |
|a Slovenská televízia
|2 snkbucl
|9 115516
|
| 650 |
0 |
7 |
|a televízne inscenácie
|2 snkbucl
|9 2919
|
| 655 |
|
7 |
|a recenzie
|2 snkbucl
|9 21907
|
| 773 |
0 |
|
|t Lidová demokracie
|g 5.4.1973, s. 5
|
| 852 |
|
|
|a SNK
|b KIS3GCP
|
| 958 |
|
|
|a RC
|
| 999 |
|
|
|c 2198312
|d 2200242
|